<?xml version="1.0" encoding="UTF-8"?><?xml-stylesheet type="text/xsl" href="static/style.xsl"?><OAI-PMH xmlns="http://www.openarchives.org/OAI/2.0/" xmlns:xsi="http://www.w3.org/2001/XMLSchema-instance" xsi:schemaLocation="http://www.openarchives.org/OAI/2.0/ http://www.openarchives.org/OAI/2.0/OAI-PMH.xsd"><responseDate>2026-04-17T04:20:13Z</responseDate><request verb="GetRecord" identifier="oai:www.recercat.cat:2117/114211" metadataPrefix="marc">https://recercat.cat/oai/request</request><GetRecord><record><header><identifier>oai:recercat.cat:2117/114211</identifier><datestamp>2025-07-22T18:06:03Z</datestamp><setSpec>com_2072_1033</setSpec><setSpec>col_2072_452951</setSpec></header><metadata><record xmlns="http://www.loc.gov/MARC21/slim" xmlns:dcterms="http://purl.org/dc/terms/" xmlns:xsi="http://www.w3.org/2001/XMLSchema-instance" xmlns:doc="http://www.lyncode.com/xoai" xsi:schemaLocation="http://www.loc.gov/MARC21/slim http://www.loc.gov/standards/marcxml/schema/MARC21slim.xsd">
   <leader>00925njm 22002777a 4500</leader>
   <datafield ind2=" " ind1=" " tag="042">
      <subfield code="a">dc</subfield>
   </datafield>
   <datafield ind2=" " ind1=" " tag="720">
      <subfield code="a">Toran Mercadé, Daniel</subfield>
      <subfield code="e">author</subfield>
   </datafield>
   <datafield ind2=" " ind1=" " tag="260">
      <subfield code="c">2018-01-18</subfield>
   </datafield>
   <datafield ind2=" " ind1=" " tag="520">
      <subfield code="a">Aquest projecte s’emmarca en el concepte de la IoT  (la  Internet  de  les  coses)  i  té  com  a objectiu  dur  a  terme  el  desplegament  d’una  arquitectura  IoT utilitzant  un  dispositiu amb connectivitat Sigfox i diferents plataformes IoT com AWS IBM Watson IoT, Microsoft Azure i thethings.iO.&#xd;
El  dispositiu  Sigfox  està  transmetent  mesures  de  temperatura  i  aquestes  s’envien  a  les plataformes IoT, que han estat configurades per rebre i emmagatzemar les dades. Un cop les dades s’han emmagatzemat a les plataformes, l’objectiu principal és poder analitzar-les i treure’n informació valuosa. Per tant, s’han dut a terme visualitzacions gràfiques. &#xd;
Després de desplegar les diferents arquitectures IoT, les plataformes han estat testejades per  verificar  les  diferències  entre elles  pel  que  fa  al  processament  de  dades  i  a  la visualització.  S’han  comparat  considerant  característiques  com  facilitat  de  connectar  els dispositius i analitzar les dades, preu, flexibilitat o serveis. Aquesta memòria explicarà com configurar aquestes plataformes per poder rebre i analitzar les dades, utilitzant l’exemple del sensor de temperatura, i quina d’elles és més adequada per resoldre una necessitat concreta d’algun camp del coneixement.</subfield>
   </datafield>
   <datafield tag="653" ind2=" " ind1=" ">
      <subfield code="a">Àrees temàtiques de la UPC::Informàtica</subfield>
   </datafield>
   <datafield tag="653" ind2=" " ind1=" ">
      <subfield code="a">Internet of things</subfield>
   </datafield>
   <datafield tag="653" ind2=" " ind1=" ">
      <subfield code="a">Internet de les coses</subfield>
   </datafield>
   <datafield ind2="0" ind1="0" tag="245">
      <subfield code="a">Comparison of different Internet of Things platforms</subfield>
   </datafield>
</record></metadata></record></GetRecord></OAI-PMH>